000 00553nam a2200229Ia 4500
003 OSt
005 20220924142329.0
006 a|||||r|||| 00| 0
007 ta
008 220923b |||||||| |||| 00| 0 ben d
024 _a301494
037 _cTextual
040 _aARTS
_cARTS
_bben
041 _2ben
_aben
082 _aY172.2, 157J1
100 _aBhadra
_9209798
245 0 _aAdinasider bichitra katha
260 _c1951
650 _aSOCIOLOGY
942 _hY172.2, 157J1
_cTEXL
_2CC
999 _c450313
_d450313